000
00296nam a22001337a 4500
008
170419b xxu||||| |||| 00| 0 eng d
020
_a
0824072820
041
_a
eng
080
_a
573
100
_a
11
101
_a
shm
245
_a
molecular biology of the cell
_c
ALBERTS, B
942
_2
udc
_c
BK
999
_c
11271
_d
11271